000 00379nam a2200145Ia 4500
008 230917s9999||||xx |||||||||||||| ||und||
040 _e210094
_aMAIN
041 _aEnglish
082 _a327.54073 M314N
100 _aManju Rani
245 0 _aNai vishva vyavastha mein Bharat- America sambandh: Ek aalochanatmak adhyayan
260 _c2012
300 _a208 p.
942 _cTH
999 _c125898
_d125898